|
|
|
|
| LEADER |
00000nab a2200000 a 4500 |
| 001 |
vtls000848329 |
| 003 |
SK-MaSNL |
| 005 |
20260304115950.0 |
| 008 |
250429c2003 xo 0 slo |
| 015 |
|
|
|a SNBRB2003/10-27965
|
| 035 |
|
|
|a CLN000199984
|
| 035 |
|
|
|a urn:nbn:sk:snk-ab6m84
|
| 035 |
|
|
|a (uuid)b8415e63-0238-467d-96c2-1d264f07d62a
|
| 035 |
|
|
|a (urnnbn)urn:nbn:sk:snk:ar-005h7w
|
| 035 |
|
|
|a (sysno)vtls000848329
|
| 040 |
|
|
|a SNKBUCL
|b slo
|c SNKBUCL
|e AACR2
|
| 041 |
0 |
|
|a slo
|
| 044 |
|
|
|a xo
|c SK
|
| 080 |
|
|
|a 61:378.147
|2 1997
|
| 100 |
1 |
|
|a Kluchová, Darina,
|d 1949-
|4 aut
|9 192925
|
| 245 |
1 |
0 |
|a Porovnanie výučby anatómie na vybraných univerzitách
|c Darina Kluchová, Hugh Alexander Patterson
|
| 246 |
1 |
1 |
|a Comparison of teaching anatomy at selected universities
|
| 300 |
|
|
|b Tab.
|
| 504 |
|
|
|a Res. angl., slov.
|
| 504 |
|
|
|a Bibliogr. odkazy
|
| 650 |
0 |
7 |
|a anatómia
|2 SNKPH
|9 695
|
| 650 |
0 |
7 |
|a vyučovanie
|2 SNKPH
|9 1522
|
| 650 |
0 |
7 |
|a univerzity
|2 SNKPH
|9 22152
|
| 655 |
|
7 |
|a články z novín a časopisov
|2 SNK
|9 267496
|
| 700 |
1 |
|
|a Patterson, Hugh Alexander
|4 aut
|9 1422337
|
| 773 |
0 |
|
|t Lekársky obzor
|g Roč. 52, č. 2 (2003), s. 37-39
|x 0457-4214
|
| 850 |
|
|
|a Slovenská národná knižnica
|
| 852 |
|
|
|a Slovenská národná knižnica
|
| 954 |
|
|
|a odborná, vedecká literatúra pôvodná (slovenská)
|2 lita
|
| 958 |
|
|
|a article2022
|
| 958 |
|
|
|a OND
|
| 958 |
|
|
|a NB
|
| 958 |
|
|
|a MI
|
| 958 |
|
|
|a EUIPO
|
| 992 |
|
|
|a RBX
|
| 999 |
|
|
|c 2878182
|d 2880112
|